Lucernatermesztés intenzív műtrágyázással, és gazdaságosságának vizsgálata

Elmentve itt :
Bibliográfiai részletek
Szerző: Kovács Ágoston
További közreműködők: Sisák József (Témavezető)
Fehér Károly (Témavezető)
Dokumentumtípus: Szakdolgozat
Megjelent: 1984
Kulcsszavak:Lucernatermesztés
Műtrágyázás
Gazdaságosság
Tárgyszavak:
Online Access:http://diploma.bibl.u-szeged.hu/98692
LEADER 00869nta a2200253 i 4500
001 dipl98692
005 20220121093051.0
008 220121s1984 hu om 0|| hun d
040 |a SZTE Diploma Repozitórium  |b hun 
041 |a hun 
100 1 |a Kovács Ágoston 
245 1 0 |a Lucernatermesztés intenzív műtrágyázással, és gazdaságosságának vizsgálata  |h [elektronikus dokumentum] /  |c Ágoston Kovács 
260 |c 1984 
300 |a 27 
650 4 |a Agrár 
650 4 |a Agricultural sciences 
650 4 |a Agriculture, forestry and fisheries 
650 4 |a Plant breeding and plant protection 
695 |a Lucernatermesztés 
695 |a Műtrágyázás 
695 |a Gazdaságosság 
700 0 1 |a Sisák József  |e ths 
700 0 1 |a Fehér Károly  |e ths 
856 4 0 |u https://diploma.bibl.u-szeged.hu/id/eprint/98692/1/1984_kovacs_agoston.pdf  |z Dokumentum-elérés